| 000 | 00472cam a2200205ua 4500 | ||
|---|---|---|---|
| 001 | 8301 | ||
| 005 | 20260515114321.0 | ||
| 008 | 150128n ii |||gr||||Z||||||asm | ||
| 020 | _a9789382030065 | ||
| 040 | _cMAIN | ||
| 041 | _aasm | ||
| 082 | _a327 | ||
| 100 |
_aGohain, N., _eAuthor. |
||
| 245 | 1 |
_aAntarjatik samparka _cBy Nabin Gohain |
|
| 250 | _a2nd. | ||
| 260 |
_aJorhat: _bUnika, _c2013. |
||
| 300 | _a519p. | ||
| 653 | _aInternational relations | ||
| 942 | _cBK | ||
| 999 |
_c7408 _d7408 |
||